| 000 | 00661cam a22001814a 4500 | ||
|---|---|---|---|
| 005 | 20250605164311.0 | ||
| 008 | 250528s ||||||||||||||||||||||||d | ||
| 035 | _a22511 | ||
| 040 |
_aGR-AtMCL _bgre _dGR-AtMCL _eAACR2 |
||
| 245 | 1 | _aL'Arbitrato diritto interno convenzioni internazionali / Rilievi Introduttivi: una panoramica sistematica del' Arbitrato, Capitolo Primo - L'Arbitrato Nella Realta Contemporanea: Orientamenti e Prospettive di Sviluppo, Capitolo Secondo L'Arbitrato a Norma. | |
| 260 | _c1993 | ||
| 300 | _a722 | ||
| 700 | 1 |
_aBernini Giorgio _96128 |
|
| 700 | 1 |
_aEditrice Bologna _96129 |
|
| 942 | _cBK | ||
| 999 |
_c7563 _d7563 |
||